000 00432nam a2200181Ia 4500
001 13923
005 20260306164836.0
008 260306t2012||||xx |||||||||||||| ||spa||
041 _aESP
082 _a005.7
_bH21
100 _aHan, Jiawei
_eAUT
245 0 _aData mining:
_bconcepts and techniques
260 _c2012
300 _axxix, 703 páginas :
_c24 cm.
650 _aGEN
654 _aCCC
942 _cLIB
_dJUS
_fJUS
_2ddc
_n
999 _c13923
_d13923